LEADER 00703nam0-22002771i-450- 001 990000753280403321 005 20001010 035 $a000075328 035 $aFED01000075328 035 $a(Aleph)000075328FED01 035 $a000075328 100 $a20001010d--------km-y0itay50------ba 101 0 $aita 105 $ay-------001yy 200 1 $aVeronese$fLuisa Vertova 210 $aMilano$cElecta$d1953 215 $a1 v., 11 p., 68 tav.$d17 cm 700 1$aVertova Nicolson,$bLuisa$037483 801 0$aIT$bUNINA$gRICA$2UNIMARC 901 $aBK 912 $a990000753280403321 952 $aMON A 92$b3590$fFARBC 959 $aFARBC 996 $aVeronese$9320922 997 $aUNINA DB $aING01